الفتوحات المكية / (رقم التسجيلة. 60269)
[ عرض عادي ]
| 000 -LEADER | |
|---|---|
| fixed length control field | 00618nam a22001817a 4500 |
| 005 - DATE AND TIME OF LATEST TRANSACTION | |
| control field | 20251108171237.0 |
| 008 - FIXED-LENGTH DATA ELEMENTS--GENERAL INFORMATION | |
| fixed length control field | 250721s1985 xx 000 0 ara d |
| 082 14 - DEWEY DECIMAL CLASSIFICATION NUMBER | |
| Classification number | م/218.9/عرب |
| 100 1# - MAIN ENTRY--PERSONAL NAME | |
| Personal name | إبن العربي، محي الدين أبو بكر محمد بن علي ... الأندلسي |
| 245 10 - TITLE STATEMENT | |
| Title | الفتوحات المكية / |
| 250 ## - EDITION STATEMENT | |
| Edition statement | ط2 |
| 264 1# - PRODUCTION, PUBLICATION, DISTRIBUTION, MANUFACTURE, AND COPYRIGHT NOTICE | |
| Place of production, publication, distribution, manufacture | القاهرة : |
| Name of producer, publisher, distributor, manufacturer | الهيئة المصرية العامة للكتاب، |
| Date of production, publication, distribution, manufacture, or copyright notice | 1985. |
| 300 ## - PHYSICAL DESCRIPTION | |
| Extent | 10ج |
| 650 17 - SUBJECT ADDED ENTRY--TOPICAL TERM | |
| Topical term or geographic name as entry element | التصوف الإسلامي |
| 700 1# - ADDED ENTRY--PERSONAL NAME | |
| Personal name | مدكور، إبراهيم |
| Relator term | تحقيق |
| 942 ## - ADDED ENTRY ELEMENTS (KOHA) | |
| Source of classification or shelving scheme | Dewey Decimal Classification |
| Koha item type | مراجع |
| حالة السحب | حالة الفقدان | مصدر التصنيف | حالة التلف | غير قابل للإعارة | المكتبة الرئيسية | المكتبة الحالية | موقع الرف | تاريخ التزويد | الرقم المتسلسل | Total Checkouts | رقم الإستدعاء | الباركود | تاريخ آخر ظهور | تاريخ الفاتورة | نوع المادة (كوها) |
|---|---|---|---|---|---|---|---|---|---|---|---|---|---|---|---|
| Dewey Decimal Classification | Not For Loan | مكتبة البراعم الواعدة | مكتبة البراعم الواعدة | مراجع | 16/05/2018 | 1653692 | م/218.9/عرب | PLD00421201 | 28/07/2025 | 16/05/2018 | مراجع | ||||
| Dewey Decimal Classification | Not For Loan | مكتبة البراعم الواعدة | مكتبة البراعم الواعدة | مراجع | 19/05/2018 | 1653413 | م/218.9/عرب | PLD00421328 | 28/07/2025 | 19/05/2018 | مراجع | ||||
| Dewey Decimal Classification | Not For Loan | مكتبة البراعم الواعدة | مكتبة البراعم الواعدة | مراجع | 21/05/2018 | 1653952 | م/218.9/عرب | PLD00421434 | 28/07/2025 | 21/05/2018 | مراجع | ||||
| Dewey Decimal Classification | Not For Loan | مكتبة البراعم الواعدة | مكتبة البراعم الواعدة | مراجع | 21/05/2018 | 1653869 | م/218.9/عرب | PLD00421476 | 28/07/2025 | 21/05/2018 | مراجع |